Vnímání rizika během cest v době pandemie Covid-19

V súvislosti s koronakrízou sa pozornosť autorov upla k téme vnímania a vplyvu rizík pri cestovaní.

Enregistré dans:
Détails bibliographiques
Auteur principal: Pichlík, Lukáš
Autres auteurs: Janeček, Petr
Format: Chapitre de livre
Langue:tchèque
Sujets:
Tags: Ajouter un tag
Pas de tags, Soyez le premier à ajouter un tag!

MARC

LEADER 00000naa a2200000 4500
001 0304593
005 20241014141414.4
041 0 |a cze 
044 |a CZ 
245 1 0 |a Vnímání rizika během cest v době pandemie Covid-19  |c Lukáš Pichlík, Petr Janeček 
520 |a V súvislosti s koronakrízou sa pozornosť autorov upla k téme vnímania a vplyvu rizík pri cestovaní. 
610 2 0 |a riziko 
610 2 0 |a cesty 
610 2 0 |a pandémia 
610 2 0 |a ruch cestovný 
610 2 0 |a kríza 
610 2 0 |a kríza pandemická 
100 1 |a Pichlík, Lukáš 
700 1 |a Janeček, Petr